Normal view
MARC view
Entry Geographic Name
001 - CONTROL NUMBER
- control field: 27942
003 - CONTROL NUMBER IDENTIFIER
- control field: ARRUPE
005 - DATE AND TIME OF LATEST TRANSACTION
- control field: 20161206092509.0
008 - FIXED-LENGTH DATA ELEMENTS
- fixed length control field: 161206|| aca||aabn | a|a d
040 ## - CATALOGING SOURCE
- Original cataloging agency: ARRUPE
- Transcribing agency: ARRUPE
151 ## - HEADING--GEOGRAPHIC NAME
- Geographic name: United States
- General subdivision: Politics and government
- Chronological subdivision: 1775-1783.
670 ## - SOURCE DATA FOUND
- Source citation: Work cat.: (ARRUPE)0: Price, Richard, 1723-1791. 27941, Observations on the importance of the American revolution and the means of making it a benefit to the world :